000 00636nam a2200205Ia 4500
005 20260121110004.0
008 008 260114s9999 xx 000 0 hin d
020 _a9788132382003
037 _aEBOOK
040 _aCRL
_bhin
_cCRL
041 _ahin
_2hin
084 _qCRL
100 _aरिदा कुरैशी / Rida Qureshi
_9940691
245 0 _aजीवाश्म विज्ञान / Jeevashmi Vigyan
260 _bभाषा प्रकाशन / Bhasha Prakashan
_c2023
856 _uhttps://bhashaprakashan.com/product-details/436593
942 _cEBOOK
999 _c1532356
_d1532356